Visualizzazione normale
Vista MARC
- McDonough
di Personal Name
Records bibliografici associati: 1
001 - CONTROL NUMBER
- control field: 6362
003 - CONTROL NUMBER IDENTIFIER
- control field: IT-RoPau
005 - DATE AND TIME OF LATEST TRANSACTION
- control field: 20131219171223.0
008 - FIXED-LENGTH DATA ELEMENTS
- fixed length control field: 131219|| aca||aabn | a|a d
040 ## - CATALOGING SOURCE
- Original cataloging agency: IT-RoPau
- Transcribing agency: IT-RoPau
100 ## - HEADING--PERSONAL NAME
- Personal name: McDonough
- Dates associated with a name: Codice autore musica SPICS: 18030
- Relator term: Autore musica
- Name of part/section of a work: March of the Toys
670 ## - SOURCE DATA FOUND
- Source citation: Work cat.: (IT-RoPau)103051: AA.VV. 794, Marches From the Movies (Lp Pfs 4066)